UK Economic Brief, July 2001 (Record no. 67696)

MARC details
000 -LEADER
fixed length control field 01271cam a2200265 4500
001 - CONTROL NUMBER
control field WB3727-08
008 - FIXED-LENGTH DATA ELEMENTS--GENERAL INFORMATION
fixed length control field 010711n2001 000 0 eng u
035 ## - SYSTEM CONTROL NUMBER
System control number (Sirsi) u113610
245 ## - TITLE STATEMENT
Title UK Economic Brief, July 2001
260 ## - PUBLICATION, DISTRIBUTION, ETC.
Date of publication, distribution, etc. 2001
490 ## - SERIES STATEMENT
Series statement RICS UK Economic Brief
Volume/sequential designation July 2001, 4(1)
520 ## - SUMMARY, ETC.
Summary, etc. Reports on the performance of the commercial property sector, particularly noting the drop in occupier demand for commercial property across all sectors, and the corresponding increase in availability of floorspace. Looks at IPD and IRE office rent figures, CIPS data, reporting an upturn in business demand for office property, sluggish rental growth, a decline in demand for retail floorspace and a corresponding steep increase in bank lending to the estate sector. Diagram.
590 ## - LOCAL NOTE (RLIN)
Local note WB
650 ## - SUBJECT ADDED ENTRY--TOPICAL TERM
Topical term or geographic name entry element RICS COMMERCIAL PROPERTY SURVEY
650 ## - SUBJECT ADDED ENTRY--TOPICAL TERM
Topical term or geographic name entry element INSIGNIA RICHARD ELLIS
650 ## - SUBJECT ADDED ENTRY--TOPICAL TERM
Topical term or geographic name entry element CIPS
650 ## - SUBJECT ADDED ENTRY--TOPICAL TERM
Topical term or geographic name entry element RETAIL RENTS
650 ## - SUBJECT ADDED ENTRY--TOPICAL TERM
Topical term or geographic name entry element FLOORSPACE
650 ## - SUBJECT ADDED ENTRY--TOPICAL TERM
Topical term or geographic name entry element WAREHOUSES
650 ## - SUBJECT ADDED ENTRY--TOPICAL TERM
Topical term or geographic name entry element BANK LENDING
650 ## - SUBJECT ADDED ENTRY--TOPICAL TERM
Topical term or geographic name entry element ECONOMIC GROWTH
690 ## - LOCAL SUBJECT ADDED ENTRY--TOPICAL TERM (OCLC, RLIN)
Topical term or geographic name as entry element PROPERTY-COMMERCIAL PROPERTY-COMMERCIAL PROPERTY MARKET
856 48 - ELECTRONIC LOCATION AND ACCESS
Uniform Resource Identifier <a href="https://www.rics.org/site/scripts/download_info.aspx?downloadID=952">https://www.rics.org/site/scripts/download_info.aspx?downloadID=952</a>
Public note View the item free of charge at www.rics.org...
942 ## - ADDED ENTRY ELEMENTS (KOHA)
Suppress in OPAC 0
Holdings
Withdrawn status Lost status Source of classification or shelving scheme Damaged status Not for loan Home library Current library Shelving location Date acquired Total Checkouts Full call number Barcode Date last seen Copy number Price effective from Koha item type
    Dewey Decimal Classification     London London News article 11/07/2001   WB3727-08 113610-1001 06/08/2019 1 06/08/2019 News article